Planety z Gwiezdnych Wojen - Statystyki

Ogólne statystyki
  • Ten quiz został rozwiązany 42 razy
  • Średni wynik to 9 z 13
Statystyki odpowiedzi
Opis planety Planeta % Poprawnych
Pustynna planeta, na której dorastał Luke Tatooine
98%
Ojczysta planeta Jar-Jara Binksa i królowej Amidali Naboo
93%
Lodowa planeta, na której Luke zostaje ogrzany we wnętrzu tantauna Hoth
88%
Ognista, uprzemysłowiona planeta, na której Obi-Wan walczy z Anakinem Mustafar
83%
Bagienna planeta, na której Yoda spędza ostatnie lata swojego życia Dagobah
80%
Ewoki zamieszkują leśny księżyc tej planety Endor
80%
Planeta, na której dorastała Leia, później zniszczona przez Gwiazdę Śmierci Alderaan
73%
Planeta, na której znajduje się fabryka klonów Kamino
65%
W IV epizodzie baza Rebeliantów znajdowała się na czwartym księżycu tej planety Yavin
55%
Główna Świątynia Jedi znajduje się na tej zamożnej planecie Coruscant
53%
Miasto w Chmurach (Cloud City) znajduje się na tej planecie Bespin
35%
Planeta rodzinna Wookieech Kashyyyk
35%
Planeta, na której wydobywa się cenną przyprawę Kessel
18%
Nie znaleziono quizów pasujących do podanych kryteriów
Rozkład punktacji
Procent ludzi z każdym wynikiem
Percentyl według liczby udzielonych odpowiedzi
Twoja historia wyników
Nie rozwiązałeś tego quizu